| 000 | 00947nam a2200301 a 4500 | ||
|---|---|---|---|
| 003 | AR-BaBNM | ||
| 005 | 20251128210950.0 | ||
| 008 | 082120s2002 ||||||||||||||000 | spa|| | ||
| 040 | _cAR-BaBNM | ||
| 100 | 1 | _aRubio, Javier | |
| 245 | 1 | 0 |
_aLa enseñanza superior en España _bcuatro estudios sobre su situación actual |
| 260 |
_aMadrid _bGredos _c1969 |
||
| 300 |
_a245 p. _btablas |
||
| 490 | 0 |
_aBiblioteca Universitaria Gredos. Ensayos _vv. 2 |
|
| 500 | _aContiene apéndices con información estadística | ||
| 500 | _aIncluye índice de cuadros y mapas | ||
| 504 | _aContiene referencias bibliográficas p. 231-236 | ||
| 650 | 4 | _aEDUCACION COMPARADA | |
| 650 | 4 | _aENSEÑANZA PROFESIONAL SUPERIOR | |
| 650 | 4 | _aDATOS ESTADISTICOS | |
| 650 | 4 | _aENSEÑANZA TECNICA | |
| 650 | 4 | _aFORMACION TECNICA | |
| 651 | 4 | _aEspaña | |
| 653 | _aINDICADORES EDUCATIVOS | ||
| 653 | _aEDUCACION SUPERIOR | ||
| 942 | _cBK | ||
| 998 | _cmartin | ||
| 999 |
_c17670 _d17670 |
||